00986nam a2200253 a 4500001001000000003000900010005001700019007000300036008004000039020001800079040002500097082003000122100004200152110004600194245010800240250001200348260003500360300003600395500009100431504003200522600003200554651005000586710009600636000038762DO-SdBNP20260305073956.0ta130422s 2012 dr a c 000 0 spa d a9789945005394 aDO-SdBNPbspacBNPHU 4a320.97293bR173L 20122221 aRamírez Morillo, Belarminio,d1964-2 a Fundación Institucionalidad y Justicia10aLeonel como paradigma :bdescifrando las claves de su liderazgo eficaz /cBelarminio Ramírez Morillo. a2a. ed. aSanto Domingo :bFESJE,c2012. a397 p. :bil., retrs. ;c25 cm. aIncluye datos biográficos del autor del autor en las solapas e índice onomástico aBibliografía : p. 295-29910aFernández, Leonel,d1953- 0aRepública DominicanaxPolítica y gobierno2 aFundación de Estudios Sociopoliticos, Jurídicos y Económicas (República Dominicana)